Tous les champions incontestés de l'UFC - Statistiques

Statistiques générales
  • Ce quiz a été pris 246 fois
  • Le résultat moyen est 54 sur 127
Statistiques - réponses
Catégorie date Champion % Correct
Poids mouche femme 8 décembre 2018 - 4 mars 2023 Valentina Shevchenko
100%
Poids mouche femme 1er décembre 2017 -7 septembre 2018 Nicco Montano
100%
Poids mouche femme 14 septembre 2024 -acctuelle Valentina Shevchenko
100%
Poids mi-lourd homme 19 mars 2011 28 avril 2015 Jon Jones
91%
Poids mi-lourd homme 29 décembre 2018 17 août 2020 Jon Jones
91%
Poids lourd homme 4 mars 2023actuel Jon Jones
91%
Poids plumes homme 12 décembre 2015 -26 novembre 2016 Conor McGregor
88%
Poids léger homme 12 novembre 2016 -7 avril 2018 Conor McGregor
88%
Poids léger homme 7 avril 2018 -19 mars 2021 Khabib Nurmagomedov
83%
Poids mi-moyen homme 18 novembre 2006 7 avril 2007 Georges St-Pierre
82%
Poids mi-moyen homme 19 avril 2008 13 décembre 2013 Georges St-Pierre
82%
Poids moyen homme 4 novembre 2017 7 décembre 2017 Georges St-Pierre
82%
Poids moyen homme 6 octobre 2019 12 novembre 2022 Israel Adesanya
81%
Poids moyen homme 9 avril 2023 9 septembre 2023 Israel Adesanya
81%
Poids léger homme 22 octobre 2022-actuel Islam Makhachev
80%
Poids léger homme 15 mai 2021 -7 mai 2022 Charles Oliveira
78%
Poids lourd homme 27 mars 2021 15 janvier 2023 Francis Ngannou
78%
Poids mi-lourd homme 24 mai 2015 29 décembre 2018 Daniel Cormier
76%
Poids lourd homme 7 juillet 2018 17 août 2019 Daniel Cormier
76%
Poids coqs homme 19 août 2023 -15 septembre 2024 Sean O'Malley
75%
Poids plumes homme 17 février 2024 -actuel Ilia Topuria
73%
Poids plumes homme 26 novembre 2016 -3 juin 2017 José Aldo
72%
Poids plumes homme 20 novembre 2010 -12 décembre 2015 José Aldo
72%
Poids mi-moyen homme 2 mars 2019 20 août 2022 Kamaru Usman
72%
Poids mouche homme 8 juillet 2023 -actuel Alexandre Pantoja
71%
Poids plumes homme 14 décembre 2019 -17 février 2024 Alexandre Volkanovski
71%
Poids moyen homme 14 octobre 2006 6 juillet 2013 Anderson Silva
70%
Poids plumes homme 3 juin 2017 -14 décembre 2019 Max Holloway
70%
Poids lourd homme 14 mai 2016 7 juillet 2018 Stipe Miocic
70%
Poids lourd homme 17 août 2019 27 mars 2021 Stipe Miocic
70%
Poids mouche homme 22 septembre 2012 -4 août 2018 Demetrious Johnson
68%
Poids coqs homme 15 septembre 2024 actuel Merab Dvalishvili
68%
Poids mi-moyen homme 20 août 2022 28 juillet 2024 Leon Edwards
68%
Poids mi-moyen homme 28 juillet 2024 actuell Belal Muhammad
65%
Poids moyen homme 9 septembre 2023 20 janvier 2024 Sean Strickland
61%
Poids moyen homme 20 janvier 2024 actuel Dricus Du Plessis
59%
Poids mouche homme 12 juin 2021 -23 janvier 2022 Brandon Moreno
58%
Poids coqs homme 12 juillet 2020 -6 mars 2021 Petr Yan
58%
Poids mi-lourd homme 22 janvier 2023 8 juillet 2023 Jamahal Hill
58%
Poids mouche homme 22 janvier 2023 - 8 juillet 2023 Brando Moreno
56%
Poids léger homme 7 juillet 2016 -12 novembre 2016 Eddie Alvarez
56%
Poids mi-moyen homme 31 janvier 2004 17 mai 2004 B.J. Penn
54%
Poids léger homme 19 janvier 2008 -10 avril 2010 B.J. Penn
54%
Poids mouche homme 4 août 2018 -20 décembre 2019 Henry Cejudo
54%
Poids coqs homme 8 juin 2019 -9 mai 2020 Henry Cejudo
54%
Poids mi-lourd homme 12 juin 2022 23 novembre 2022 Jiří Procházka
54%
Poids coqs femme 9 juillet 2016 -11 décembre 2021 Amanda Nunes
53%
Poids coqs femme 30 juillet 2022 - 20 juin 2023 Amanda Nunes
53%
Poids moyen homme 4 juin 2016 4 novembre 2017 Michael Bisping
53%
Poids Paille femme 31 août 2019 -24 avril 2021 Weili Zhang
49%
Poids Paille femme 12 novembre 2022 -actuelle Weili Zhang
49%
Poids lourd homme 15 novembre 2008 23 octobre 2010 Brock Lesnar
47%
Poids coqs homme 16 décembre 2010 -6 janvier 2014 Dominick Cruz
46%
Poids coqs homme 17 janvier 2016 -30 décembre 2016 Dominick Cruz
46%
Poids mouche homme 23 janvier 2022 -22 janvier 2023 Deiveson Figueiredo
45%
Poids mouche homme 19 juin 2020 -12 juin 2021 Deiveson Figueiredo
45%
Poids coqs homme 24 mai 2014 -17 janvier 2016 TJ Dillashaw
44%
Poids coqs homme 4 novembre 2017 -20 mars 2019 TJ Dillashaw
44%
Poids moyen homme décembre 2017 6 octobre 2019 Robert Whittaker
44%
Poids mi-lourd homme 26 septembre 2003 31 janvier 2004 Randy Couture
42%
Poids mi-lourd homme 21 aout 2004 16 avril 2005 Randy Couture
42%
Poids lourd homme 21 décembre 1997 janvier 1998 Randy Couture
42%
Poids lourd homme 17 novembre 2000 2 mars 2002 Randy Couture
42%
Poids lourd homme 3 mars 2007 15 novembre 2008 Randy Couture
42%
Poids mi-moyen homme 30 juillet 2016 2 mars 2019 Tyron Woodley
42%
Poids moyen homme 12 novembre 2022 9 avril 2023 Alex Peirera
41%
Poids mi-lourd homme 11 novembre 2023 actuel Alex Peirera
41%
Poids coqs homme 30 décembre 2016 -4 novembre 2017 Cody Garbrandt
41%
Poids mouche femme 4 mars 2023 -14 septembre 2024 Alexa Grasso
39%
Poids coqs femme 6 décembre 2012 -14 novembre 2015 Ronda Rousey
39%
Poids lourd homme 23 octobre 2010 12 novembre 2011 Cain Velasquez
37%
Poids lourd homme 29 décembre 2012 13 juin 2015 Cain Velasquez
37%
Poids mi-lourd homme 30 octobre 2021 12 juin 2022 Glover Teixeira
36%
Poids mi-lourd homme 26 septembre 2020 30 octobre 2021 Jan Błachowicz
35%
Poids coqs femme 6 octobre 2024 -actuelle Julianna Pena
34%
Poids Paille femme 4 novembre 2017 - 11 mai 2019 Rose Namajunas
34%
Poids coqs femme 11 décembre 2021 -30 juillet 2022 Julianna Pena
34%
Poids Paille femme 24 avril 2021 - 7 mai 2022 Rose Namajunas
34%
Poids mi-moyen homme 2 novembre 2001 31 janvier 2004 Matt Hughes
34%
Poids mi-moyen homme 22 octobre 2004 18 novembre 2006 Matt Hughes
34%
Poids mi-moyen homme 7 avril 2007 19 avril 2008 Matt Serra
32%
Poids léger homme 31 août 2013 -14 mars 2015 Anthony Pettis
30%
Poids mi-lourd homme 23 mai 2009 8 mai 2010 Lyoto Machida
29%
Poids mi-lourd homme 16 avril 2005 26 mai 2007 Chuck Liddell
28%
Poids coqs femme 14 novembre 2015 - 5 mars 2016 Holly Holm
28%
Poids léger homme 26 février 2012 -31 août 2013 Ben Henderson
27%
Poids mi-lourd homme 26 mai 2007 5 juillet 2008 Quinton Jackson
27%
Poids mi-moyen homme 6 décembre 2014 30 juillet 2016 Robbie Lawler
26%
Poids moyen homme 6 juillet 2013 12 décembre 2015 Chris Weidman
25%
Poids léger homme 10 avril 2010 -26 février 2012 Frankie Edgar
25%
Poids mi-lourd homme 8 mai 2010 19 mars 2011 Maurício Rua
24%
Poids lourd homme 12 novembre 2011 29 décembre 2012 Júnior dos Santos
22%
Poids moyen homme 12 décembre 2015 4 juin 2016 Luke Rockhold
22%
Poids lourd homme 19 juin 2004 12 aout 2005 Frank Mir
21%
Poids mi-lourd homme 14 avril 2000 26 septembre 2003 Tito Ortiz
21%
Poids lourd homme 13 juin 2015 14 mai 2016 Fabrício Werdum
18%
Poids mi-lourd homme
31 janvier 2004
21 aout 2004
Vitor Belfort
17%
Poids coqs femme 20 janvier 2024 -6 octobre 2024 Raquel Pennington
16%
Poids mi-lourd homme 27 décembre 2008 23 mai 2009 Rashad Evans
15%
Poids coqs homme 6 janvier 2014 - 24 mai 2014 Renan Barao
13%
Poids léger homme 23 février 2001 -23 mars 2002 Jens Pulver
11%
Poids Paille femme 11 mai 2019 - 31 août 2019 Jéssica Andrade
11%
Poids mi-moyen homme 15 mars 2014 6 décembre 2014 Johny Hendricks
11%
Poids lourd homme 7 février 1997 27 juillet 1997 Mark Coleman
9%
Poids lourd homme 12 août 2005 15 avril 2006 Andrei Arlovski
8%
Poids coqs femme 5 mars 2016 -9 juillet 2016 Miesha Tate
8%
Poids mi-lourd homme 5 juillet 2008 27 décembre 2008 Forrest Griffin
8%
Poids Paille femme 7 mai 2022 -12 novembre 2022 Carla Esparza
7%
Poids Paille femme 12 décembre 2014 -14 mars 2015 Carla Esparza
7%
Poids lourd homme 19 novembre 1999 17 novembre 2000 Kevin Randleman
7%
Poids lourd homme 7 mai 1999 juin 1999 Bas Rutten
6%
Poids léger homme 14 octobre 2006 -8 décembre 2007 Sean Sherk
6%
Poids mi-lourd homme 21 décembre 1997 24 novembre 1999 Frank Shamrock
6%
Poids lourd homme 27 septembre 2002 28 février 2003 Ricco Rodriguez
6%
Poids mi-moyen homme 4 mai 2001 2 novembre 2001 Carlos Newton
4%
Poids lourd homme 27 juillet 1997 21 décembre 1997 Maurice Smith
4%
Poids léger homme 14 mars 2015 -7 juillet 2016 Rafael des Anges
3%
Poids lourd homme 2 mars 2002 26 juillet 2002 Josh Barnett
3%
Poids mi-moyen homme 16 octobre 1998 4 mai 2001 Pat Miletich
3%
Poids moyen homme 4 juin 2005 14 octobre 2006 Rich Franklin
3%
Poids lourd homme 28 février 2003 15 octobre 2003 Tim Sylvia
3%
Poids lourd homme 15 avril 2006 3 mars 2007 Tim Sylvia
3%
Poids moyen homme 28 septembre 2001 11 janvier 2002 Dave Menne
1%
Poids coqs homme 6 mars 2021 -19 août 2023 Ajamain Sterling
1%
Poids moyen homme 11 janvier 2002 5 octobre 2002 Murilo Bustamante
1%
Poids moyen homme 5 février 2005 4 juin 2005 Evan Tanner
0%
Poids Paille femme 14 mars 2015 -4 novembre 2017 Joanna Jerdrzejczyk
0%
Aucun quiz correspondant
Distribution des résultats
% des personnes avec chaque résultat
Percentile par nombre de réponses
Votre historique - résultats
Vous n’avez pas pris ce quiz